Tintin A-Z - Statistiques

Statistiques générales
  • Ce quiz a été pris 785 fois
  • Le résultat moyen est 16 sur 26
Statistiques - réponses
Lettre Indice Réponse % Correct
D Duo de policiers maladroits Dupont / Dupond
96%
H Pseudonyme plus connu du dessinateur et scénariste belge Georges Rémi Hergé
90%
M Célèbre château appartenant aux Haddock Moulinsart
89%
N Majordome attitré à ce dernier Nestor
89%
J Marque de véhicule tout-terrain réputée apparaissant dans plusieurs albums de Tintin Jeep
86%
S Destination originelle du vol 714 Sydney
86%
O Membre cassé du fétiche Arumbaya Oreille
85%
A Fils d'un émir particulièrement farceur Abdallah
81%
R Riche homme d'affaires ennemi de Tintin Roberto Rastapopoulos
78%
X Roi pour lequel le chevalier de Hadoque naviguait (Louis___) XIV
70%
Y Autre nom du "Migou" ayant sauvé Tchang d'une mort certaine Yéti
70%
F Prénom de l'ancêtre du capitaine Haddock François
67%
E Un objet bien mystérieux où poussent des champignons Etoile
66%
L Courtier en assurances assez intrusif Séraphin Lampion
61%
Q Tribu du jeune indien à trouver en Z, aussi connu comme sous-marque d'une célèbre entreprise de distribution d'équipements sportifs Quechua
56%
T Eternel rival du général Alcazar Tapioca
55%
G Amas d'excréments d'oiseaux utilisé comme engrais à l'origine d'un célèbre gag de l'univers de Tintin Guano
54%
K Nom du premier bateau dont Haddock est le capitaine Karaboudjan
52%
I Camériste de la Castafiore Irma
50%
V Insulte du Capitaine Haddock qualifiant une personne de destructeur brutal et ignorant ou un groupe de populations germaniques orientales du Ve siècle Vandale
45%
Z Jeune amerindien vendeur d'oranges Zorrino
44%
W Ingénieur en astronautique et adjoint du professeur Tournesol dans le projet lunaire Frank Wolff
41%
C Objet servant à dissimuler l'opium de contrebande Cigare
34%
P Journal pour lequel travaille Tintin Le petit vingtième
29%
B Ville portuaire fictive du Maroc où se déroule l'intrigue dans "Le crabe au pinces d'or" Bagghar
16%
U Nom de l'opération menée par Miller ayant pour but de prendre le contrôle de la fusée lunaire Ulysse
8%
Aucun quiz correspondant
Distribution des résultats
% des personnes avec chaque résultat
Percentile par nombre de réponses
Votre historique - résultats
Vous n’avez pas pris ce quiz